000 00345nam a2200133Ia 4500
005 20251222143313.0
008 251222s9999||||xx |||||||||||||| ||spa||
020 _a84-254-2377-5
082 _a371.5/F53
100 _aFiorenza, Andrea
245 0 _aLa Intervención Estratégica en los Contextos Educativos:
264 _bHerder
942 _cLIB
999 _c15770
_d15770